[Event "Chess House GM "]
[Site "Aarhus"]
[Date "2016.02.13"]
[Round "1.1"]
[White "Chatalbashev, Boris"]
[Black "Fries Nielsen, Jens Ove"]
[Result "1/2-1/2"]
[WhiteElo "2563"]
[BlackElo "2415"]
[PlyCount "92"]
[EventDate "2016.??.??"]
[EventType "tourn"]
[EventRounds "9"]
[EventCountry "DEN"]
[WhiteClock "0:27:51"]
[BlackClock "0:37:13"]

1. d4 d5 2. c4 e6 3. Nc3 a6 4. cxd5 exd5 5. Bf4 Nf6 6. e3 Bd6 7. Nge2 Nc6 8.
Bg5 Ne7 9. Bxf6 gxf6 10. Ng3 Be6 11. Nh5 f5 12. Bd3 Kf8 13. Qf3 c5 14. dxc5
Bxc5 15. Rd1 Ng6 16. Nf4 Rg8 17. g3 Nxf4 18. Qxf4 Qf6 19. Bxf5 Rc8 20. Bxh7
Qxf4 21. gxf4 Rh8 22. Bd3 d4 23. exd4 Bxd4 24. Be4 Bxc3+ 25. bxc3 b5 26. Rd6
Ke7 27. Rxa6 Rxc3 28. Kd2 b4 29. Rb1 Rd8+ 30. Ke1 Rd4 31. Ra7+ Kf8 32. f3 f5
33. Ba8 Rc2 34. Rd1 Rxd1+ 35. Kxd1 Rxh2 36. Kc1 Rxa2 37. Rxa2 Bxa2 38. Bb7 Ke7
39. Kb2 Be6 40. Bc6 Kd6 41. Be8 Kc5 42. Bg6 Kd4 43. Bh7 Ke3 44. Bxf5 Bxf5 45.
Kb3 Kxf4 46. Kxb4 Kxf3 1/2-1/2

[Event "Chess House GM "]
[Site "Aarhus"]
[Date "2016.02.13"]
[Round "1.2"]
[White "Matthiesen, Martin"]
[Black "Grabarczyk, Miroslaw"]
[Result "1/2-1/2"]
[WhiteElo "2370"]
[BlackElo "2432"]
[PlyCount "126"]
[EventDate "2016.??.??"]
[EventType "tourn"]
[EventRounds "9"]
[EventCountry "DEN"]
[WhiteClock "0:05:47"]
[BlackClock "0:36:20"]

1. d4 d5 2. c4 e6 3. Nc3 Nf6 4. Nf3 Be7 5. Bf4 O-O 6. e3 Nbd7 7. c5 Nh5 8. Bd3
Nxf4 9. exf4 c6 10. O-O b6 11. b4 Qc7 12. g3 a5 13. a3 Ba6 14. Re1 Bxd3 15.
Qxd3 Bf6 16. Kg2 g6 17. h4 h5 18. Rab1 axb4 19. axb4 Kg7 20. Rec1 Rfb8 21. Qc2
Ra3 22. Ra1 Rba8 23. Qb2 R3a7 24. Ne5 Nxe5 25. fxe5 Bd8 26. Ne2 Qb7 27. Rxa7
Qxa7 28. b5 Qb7 29. cxb6 cxb5 30. Qxb5 Qxb6 31. Qxb6 Bxb6 32. Rb1 Ra2 33. Rxb6
Rxe2 34. Kf3 Re4 35. Rb4 g5 36. hxg5 Kg6 37. Ra4 Kxg5 38. Kg2 Kf5 39. Rb4 h4
40. gxh4 Rxh4 41. Kg3 Rh1 42. f3 Rd1 43. Ra4 Rd2 44. Rb4 Rc2 45. Rb7 Kg6 46.
Rb8 Kg7 47. Kf4 Rc3 48. Ra8 Rd3 49. Ra4 Kg6 50. Rb4 Rc3 51. Rb8 Rd3 52. Rb4 Ra3
53. Rb8 Kg7 54. Rb1 Rd3 55. Rb4 Kh6 56. Ra4 Kh5 57. Rb4 Kg6 58. Ra4 Rb3 59. Ra1
Rd3 60. Ra4 f6 61. exf6 Kxf6 62. Rb4 Rd1 63. Ke3 Re1+ 1/2-1/2

[Event "Chess House GM "]
[Site "Aarhus"]
[Date "2016.02.13"]
[Round "1.3"]
[White "Skytte, Rasmus"]
[Black "Teplyi, Igor"]
[Result "1-0"]
[WhiteElo "2402"]
[BlackElo "2433"]
[PlyCount "53"]
[EventDate "2016.??.??"]
[EventType "tourn"]
[EventRounds "9"]
[EventCountry "DEN"]
[WhiteClock "0:12:34"]
[BlackClock "0:02:31"]

1. e4 c5 2. Nf3 d6 3. d4 cxd4 4. Nxd4 Nf6 5. Nc3 a6 6. Qe2 e5 7. Nf5 g6 8. Nh6
Be6 9. Bg5 Be7 10. Qd2 Nbd7 11. Bd3 Nc5 12. h4 Rc8 13. O-O Nh5 14. g3 Bxg5 15.
hxg5 f6 16. gxf6 Nxd3 17. f7+ Kf8 18. cxd3 Kg7 19. Rac1 Qf6 20. Nd5 Bxd5 21.
exd5 Qf3 22. Qg5 Qf6 23. Qe3 g5 24. Ng8 Rhxg8 25. fxg8=Q+ Rxg8 26. Rc7+ Kh8 27.
Rfc1 1-0

[Event "Chess House GM "]
[Site "Aarhus"]
[Date "2016.02.13"]
[Round "1.4"]
[White "Pedersen, Nicolai Vesterbaek"]
[Black "Ovsejevitsch, Sergei"]
[Result "0-1"]
[WhiteElo "2378"]
[BlackElo "2584"]
[PlyCount "56"]
[EventDate "2016.??.??"]
[EventType "tourn"]
[EventRounds "9"]
[EventCountry "DEN"]
[WhiteClock "0:00:36"]
[BlackClock "0:03:05"]

1. d4 d5 2. c4 e6 3. Nc3 Bb4 4. a3 Bxc3+ 5. bxc3 Ne7 6. e3 O-O 7. Bd3 dxc4 8.
Bxc4 c5 9. Bd3 Qc7 10. Nf3 cxd4 11. cxd4 Qc3+ 12. Qd2 Qxa1 13. O-O Bd7 14. Ne5
Rc8 15. Bc4 Rxc4 16. Nxc4 Qb1 17. Bb2 Qe4 18. Rc1 Na6 19. f3 Qh4 20. Ne5 Be8
21. g3 Qh5 22. g4 Qh3 23. Qf2 Ng6 24. Nxg6 hxg6 25. e4 Rd8 26. Rc3 Bc6 27. Ba1
Nc7 28. Rb3 Bxe4 0-1

[Event "Chess House GM "]
[Site "Aarhus"]
[Date "2016.02.13"]
[Round "1.5"]
[White "Kollars, Dmitrij"]
[Black "Ochsner, Bjorn Moller"]
[Result "1-0"]
[WhiteElo "2429"]
[BlackElo "2396"]
[PlyCount "73"]
[EventDate "2016.??.??"]
[EventType "tourn"]
[EventRounds "9"]
[EventCountry "DEN"]
[WhiteClock "0:13:21"]
[BlackClock "0:00:34"]

1. d4 Nf6 2. c4 g6 3. g3 Bg7 4. Bg2 O-O 5. Nc3 d6 6. Nf3 Nc6 7. O-O Bf5 8. d5
Na5 9. Nd2 Qd7 10. b4 Nxd5 11. Nxd5 Bxa1 12. bxa5 c6 13. Nb4 Bh3 14. Bxh3 Qxh3
15. a6 bxa6 16. Nxc6 Qd7 17. Nb4 Rfc8 18. Nd5 Bg7 19. Qb3 e6 20. Ne3 Rab8 21.
Qd3 Qa4 22. Ne4 Rc6 23. Nxd6 Rd8 24. Ba3 Bd4 25. Ne4 Bb6 26. Nf6+ Kg7 27. Nd7
e5 28. Be7 Re8 29. Nd5 Re6 30. Bf6+ Kg8 31. N7xb6 axb6 32. Bg5 Qc6 33. Rb1 b5
34. cxb5 axb5 35. Rc1 e4 36. Qd4 Qa6 37. Nf6+ 1-0

[Event "Chess House GM "]
[Site "Aarhus"]
[Date "2016.02.14"]
[Round "2.1"]
[White "Chatalbashev, Boris"]
[Black "Matthiesen, Martin"]
[Result "1-0"]
[WhiteElo "2563"]
[BlackElo "2370"]
[PlyCount "69"]
[EventDate "2016.??.??"]
[EventType "tourn"]
[EventRounds "9"]
[EventCountry "DEN"]
[WhiteClock "0:06:22"]
[BlackClock "0:02:12"]

1. c4 c5 2. Nc3 Nc6 3. g3 g6 4. Bg2 Bg7 5. Nf3 e6 6. d4 cxd4 7. Nb5 d5 8. cxd5
exd5 9. O-O Nge7 10. Nbxd4 O-O 11. Bg5 Qb6 12. e3 Qxb2 13. a4 Qb4 14. Rb1 Qd6
15. Nxc6 bxc6 16. e4 h6 17. Be3 Ba6 18. Re1 Rfd8 19. e5 Qa3 20. Qd2 Nf5 21. Qa5
Nxe3 22. Rxe3 Qa2 23. Rbe1 Bc4 24. Nd4 Rdc8 25. Bh3 c5 26. Nb5 Bxb5 27. Bxc8
Qxa4 28. Qd8+ Kh7 29. e6 fxe6 30. Rxe6 Qd4 31. Re7 Ba6 32. Rxg7+ Qxg7 33. Re7
Bxc8 34. Rxg7+ Kxg7 35. Qxd5 1-0

[Event "Chess House GM "]
[Site "Aarhus"]
[Date "2016.02.14"]
[Round "2.2"]
[White "Grabarczyk, Miroslaw"]
[Black "Skytte, Rasmus"]
[Result "1/2-1/2"]
[WhiteElo "2432"]
[BlackElo "2402"]
[PlyCount "37"]
[EventDate "2016.??.??"]
[EventType "tourn"]
[EventRounds "9"]
[EventCountry "DEN"]
[WhiteClock "1:21:48"]
[BlackClock "1:32:23"]

1. d4 Nf6 2. c4 g6 3. Nf3 Bg7 4. g3 O-O 5. Bg2 c5 6. d5 d6 7. Nc3 e6 8. O-O
exd5 9. cxd5 Re8 10. Nd2 a6 11. a4 Nbd7 12. a5 b5 13. axb6 Nxb6 14. Nb3 Nc4 15.
Ra4 Nb6 16. Ra2 Nc4 17. Ra4 Nb6 18. Ra2 Nc4 19. Ra4 1/2-1/2

[Event "Chess House GM "]
[Site "Aarhus"]
[Date "2016.02.14"]
[Round "2.3"]
[White "Teplyi, Igor"]
[Black "Pedersen, Nicolai Vesterbaek"]
[Result "1-0"]
[WhiteElo "2433"]
[BlackElo "2378"]
[PlyCount "55"]
[EventDate "2016.??.??"]
[EventType "tourn"]
[EventRounds "9"]
[EventCountry "DEN"]
[WhiteClock "0:13:16"]
[BlackClock "0:02:20"]

1. d4 Nf6 2. c4 e6 3. Nc3 Bb4 4. Qc2 O-O 5. Nf3 c5 6. dxc5 Na6 7. g3 Nxc5 8.
Bg2 b6 9. O-O Bb7 10. Nb5 Be4 11. Qd1 Nb7 12. a3 Be7 13. Bf4 Rc8 14. Rc1 a6 15.
Nc3 Bxf3 16. Bxf3 Na5 17. b4 Nxc4 18. Bb7 Ra8 19. Bxa8 Qxa8 20. e4 Nxa3 21. e5
Nd5 22. Nxd5 exd5 23. Qg4 Rd8 24. Rc7 Nb5 25. Rxd7 Rxd7 26. Qxd7 Bxb4 27. e6
Qf8 28. Rc1 1-0

[Event "Chess House GM "]
[Site "Aarhus"]
[Date "2016.02.14"]
[Round "2.4"]
[White "Ovsejevitsch, Sergei"]
[Black "Kollars, Dmitrij"]
[Result "1-0"]
[WhiteElo "2584"]
[BlackElo "2429"]
[PlyCount "93"]
[EventDate "2016.??.??"]
[EventType "tourn"]
[EventRounds "9"]
[EventCountry "DEN"]
[WhiteClock "0:19:59"]
[BlackClock "0:25:35"]

1. d4 Nf6 2. c4 g6 3. Nc3 Bg7 4. e4 d6 5. Nge2 O-O 6. Ng3 e5 7. d5 c6 8. Be2
cxd5 9. cxd5 Nbd7 10. Bg5 h6 11. Be3 a6 12. Nf1 h5 13. f3 Nh7 14. Nd2 b5 15. b4
Bf6 16. a4 Bg5 17. Bf2 bxa4 18. Nc4 Qe7 19. Qxa4 Bb7 20. O-O Rfc8 21. Qb3 Rc7
22. Na5 Rac8 23. Nc6 Qe8 24. Bxa6 Bxa6 25. Rxa6 Nb8 26. Ra7 Nxc6 27. Rxc7 Rxc7
28. dxc6 Qxc6 29. Nd5 Rb7 30. Ra1 Kg7 31. Qa4 Qxa4 32. Rxa4 Nf6 33. Nb6 Bd2 34.
Kf1 Bc3 35. Ke2 d5 36. exd5 Bd4 37. Bxd4 exd4 38. Ra6 Ne8 39. Nc4 Rxb4 40. d6
Nf6 41. Kd3 Rb5 42. Ra5 Rb1 43. Ra7 Rb5 44. d7 Rd5 45. Ne5 Kf8 46. Ra8+ Ke7 47.
d8=Q+ 1-0

[Event "Chess House GM "]
[Site "Aarhus"]
[Date "2016.02.14"]
[Round "2.5"]
[White "Fries Nielsen, Jens Ove"]
[Black "Ochsner, Bjorn Moller"]
[Result "1-0"]
[WhiteElo "2415"]
[BlackElo "2396"]
[PlyCount "51"]
[EventDate "2016.??.??"]
[EventType "tourn"]
[EventRounds "9"]
[EventCountry "DEN"]
[WhiteClock "0:36:37"]
[BlackClock "0:02:40"]

1. d4 Nf6 2. Nf3 g6 3. Nbd2 d5 4. c4 c6 5. b4 Bg7 6. e3 O-O 7. Be2 a5 8. b5 a4
9. Ba3 dxc4 10. Bxc4 cxb5 11. Bxb5 Qa5 12. Qb1 Bf5 13. Bd3 Qc3 14. Bxf5 Qxa3
15. Be4 Nxe4 16. Qxe4 Nc6 17. O-O Rfc8 18. Nc4 Qb4 19. Nfd2 Na5 20. Rab1 Qc3
21. Rfc1 Qxc1+ 22. Rxc1 b5 23. g4 Ra7 24. Qd5 bxc4 25. Qb5 c3 26. Rxc3 1-0

[Event "Chess House GM "]
[Site "Aarhus"]
[Date "2016.02.15"]
[Round "3.1"]
[White "Skytte, Rasmus"]
[Black "Chatalbashev, Boris"]
[Result "0-1"]
[WhiteElo "2402"]
[BlackElo "2563"]
[PlyCount "84"]
[EventDate "2016.??.??"]
[EventType "tourn"]
[EventRounds "9"]
[EventCountry "DEN"]
[WhiteClock "0:05:01"]
[BlackClock "0:03:11"]

1. e4 g6 2. d4 Bg7 3. Nc3 d6 4. Be3 a6 5. Qd2 Nd7 6. h4 h6 7. O-O-O b5 8. f3
Bb7 9. Nge2 h5 10. d5 Ngf6 11. Nd4 Ne5 12. Bg5 Rb8 13. Kb1 Qd7 14. b3 O-O 15.
Bh6 e6 16. Bxg7 Kxg7 17. dxe6 fxe6 18. f4 Neg4 19. f5 gxf5 20. exf5 e5 21. Ne6+
Kh7 22. Nxf8+ Rxf8 23. Re1 Rg8 24. Bd3 d5 25. Rhf1 c5 26. Be2 Nh2 27. Rg1 d4
28. Nd1 Qxf5 29. Nf2 e4 30. Nh3 e3 31. Bd3 Be4 32. Qd1 Nd5 33. Bxe4 Nc3+ 34.
Ka1 Nxe4 35. Ng5+ Rxg5 36. hxg5 Ng4 37. Qf3 Kg6 38. Rh1 Qe5 39. Kb2 d3+ 40. Ka3
b4+ 41. Ka4 Qe8+ 42. Ka5 Qb5# 0-1

[Event "Chess House GM "]
[Site "Aarhus"]
[Date "2016.02.15"]
[Round "3.2"]
[White "Matthiesen, Martin"]
[Black "Fries Nielsen, Jens Ove"]
[Result "1-0"]
[WhiteElo "2370"]
[BlackElo "2415"]
[PlyCount "101"]
[EventDate "2016.??.??"]
[EventType "tourn"]
[EventRounds "9"]
[EventCountry "DEN"]
[WhiteClock "0:07:22"]
[BlackClock "0:21:44"]

1. d4 g6 2. Nf3 Bg7 3. e4 e6 4. Be3 Ne7 5. Bd3 d6 6. Nc3 Nd7 7. Ne2 h6 8. c3 b6
9. O-O Bb7 10. h3 a6 11. Re1 c5 12. b4 cxb4 13. cxb4 O-O 14. Qb3 Kh7 15. Rad1
Nf6 16. Ng3 Rc8 17. Qb1 b5 18. Bd2 Nd7 19. Qb3 Nb6 20. Bb1 Nc4 21. Bc1 Qd7 22.
h4 Qc7 23. h5 e5 24. d5 Qd7 25. Bd3 Rg8 26. hxg6+ fxg6 27. Kh2 Rgf8 28. Rh1 Kg8
29. Kg1 Rf4 30. Ne2 g5 31. Bxf4 exf4 32. Nfd4 Ne5 33. Ne6 f3 34. N2d4 fxg2 35.
Rh2 N7g6 36. Be2 Nh4 37. Qg3 Neg6 38. Nxg7 Qxg7 39. Qxd6 Rf8 40. Bg4 Kh8 41.
Nf5 Nxf5 42. Bxf5 Nh4 43. Rxh4 gxh4 44. Qc5 Qf6 45. Qd4 Qxd4 46. Rxd4 Kg7 47.
d6 Kf6 48. d7 Rd8 49. Rd6+ Kg5 50. Kxg2 Kf4 51. f3 1-0

[Event "Chess House GM "]
[Site "Aarhus"]
[Date "2016.02.15"]
[Round "3.3"]
[White "Pedersen, Nicolai Vesterbaek"]
[Black "Grabarczyk, Miroslaw"]
[Result "0-1"]
[WhiteElo "2378"]
[BlackElo "2432"]
[PlyCount "80"]
[EventDate "2016.??.??"]
[EventType "tourn"]
[EventRounds "9"]
[EventCountry "DEN"]
[WhiteClock "0:00:31"]
[BlackClock "0:04:00"]

1. b3 d5 2. Nf3 Nf6 3. Bb2 g6 4. c4 c6 5. g3 Bg7 6. Bg2 O-O 7. O-O Bg4 8. Ne5
Nfd7 9. Nd3 d4 10. b4 e5 11. h3 Bf5 12. Qb3 a5 13. bxa5 Qc7 14. Ba3 Rc8 15. Nc5
Nxc5 16. Bxc5 Qxa5 17. Bd6 Nd7 18. d3 Nc5 19. Bxc5 Qxc5 20. Nd2 Ra7 21. Rfb1
Rca8 22. Rb2 Qa5 23. Ne4 Bf8 24. Rab1 Ba3 25. Rc2 Qd8 26. Rf1 Qe7 27. Qb1 Ra4
28. e3 Rd8 29. exd4 Rxd4 30. Qb3 Ra8 31. Rb1 Rd7 32. Qc3 Rad8 33. Rb3 Bc5 34.
Re2 Bxe4 35. Rxe4 Qf6 36. Re2 Rd4 37. Rxb7 Rxd3 38. Qa5 Rd1+ 39. Bf1 Qf3 40.
Kh2 Rxf1 0-1

[Event "Chess House GM "]
[Site "Aarhus"]
[Date "2016.02.15"]
[Round "3.4"]
[White "Kollars, Dmitrij"]
[Black "Teplyi, Igor"]
[Result "1/2-1/2"]
[WhiteElo "2429"]
[BlackElo "2433"]
[PlyCount "91"]
[EventDate "2016.??.??"]
[EventType "tourn"]
[EventRounds "9"]
[EventCountry "DEN"]
[WhiteClock "0:28:50"]
[BlackClock "0:26:17"]

1. e4 c5 2. Nf3 d6 3. d4 cxd4 4. Nxd4 Nf6 5. Nc3 a6 6. g3 e5 7. Nb3 Be7 8. Bg2
b5 9. a4 b4 10. Nd5 Nxd5 11. Qxd5 Ra7 12. Be3 Be6 13. Qd3 Ra8 14. O-O O-O 15.
Nd2 Qc7 16. Rfc1 Nd7 17. c3 Nc5 18. cxb4 Nxd3 19. Rxc7 Bd8 20. Rc3 Nxb4 21. Nc4
Rc8 22. Bf1 Be7 23. Rcc1 d5 24. exd5 Nxd5 25. Bd2 e4 26. Ne3 Nxe3 27. fxe3 Rfd8
28. Ba5 Rxc1 29. Rxc1 Rb8 30. Bc3 a5 31. Bxa5 Rxb2 32. Bc3 Ra2 33. Ra1 Rxa1 34.
Bxa1 Bb4 35. Bb5 Bg4 36. Bd4 Ba5 37. Kf2 Bd1 38. h3 h5 39. Bc6 f5 40. h4 Kf7
41. Bd7 g6 42. Bc5 Kg7 43. Be8 Kh7 44. Bd4 Kh6 45. Bf6 Kh7 46. Bb5 1/2-1/2

[Event "Chess House GM "]
[Site "Aarhus"]
[Date "2016.02.15"]
[Round "3.5"]
[White "Ochsner, Bjorn Moller"]
[Black "Ovsejevitsch, Sergei"]
[Result "1/2-1/2"]
[WhiteElo "2396"]
[BlackElo "2584"]
[PlyCount "93"]
[EventDate "2016.??.??"]
[EventType "tourn"]
[EventRounds "9"]
[EventCountry "DEN"]
[WhiteClock "0:08:29"]
[BlackClock "0:25:15"]

1. d4 Nf6 2. c4 e6 3. Nc3 Bb4 4. Qc2 d5 5. cxd5 Qxd5 6. Nf3 Qf5 7. Qb3 c5 8. a3
Ba5 9. Bd2 Nc6 10. dxc5 Qxc5 11. Qc2 Bc7 12. b4 Qe7 13. e3 O-O 14. Be2 Bd7 15.
O-O Rac8 16. Rac1 Ne5 17. Rfd1 Bc6 18. Nd4 Bb8 19. Qb1 Bd7 20. Ne4 Nxe4 21.
Qxe4 Ba4 22. Rf1 Nc6 23. Nf3 a6 24. Rc5 f5 25. Qb1 Qd6 26. g3 Ba7 27. Rc3 Rcd8
28. Rd3 Qe7 29. Bc3 Bb5 30. Rxd8 Rxd8 31. Bxb5 axb5 32. Rd1 Rd6 33. Kf1 Qd7 34.
Ke2 Bb8 35. Rxd6 Qxd6 36. Qd3 Qxd3+ 37. Kxd3 h6 38. Nd4 Nxd4 39. Kxd4 Bd6 40.
e4 fxe4 41. Kxe4 Kf7 42. Be5 Be7 43. g4 Bd8 44. Bf4 Bf6 45. Be5 Bd8 46. f4 g6
47. h3 1/2-1/2

[Event "Chess House GM "]
[Site "Aarhus"]
[Date "2016.02.16"]
[Round "4.1"]
[White "Matthiesen, Martin"]
[Black "Skytte, Rasmus"]
[Result "1/2-1/2"]
[WhiteElo "2370"]
[BlackElo "2402"]
[PlyCount "80"]
[EventDate "2016.??.??"]
[EventType "tourn"]
[EventRounds "9"]
[EventCountry "DEN"]
[WhiteClock "0:12:58"]
[BlackClock "0:05:18"]

1. d4 Nf6 2. c4 e6 3. Nc3 c5 4. d5 exd5 5. cxd5 d6 6. e4 g6 7. h3 Bg7 8. Nf3
O-O 9. Bd3 b5 10. Bxb5 Nxe4 11. Nxe4 Qa5+ 12. Nfd2 Qxb5 13. Nxd6 Qa6 14. N2c4
Nd7 15. O-O Ne5 16. Nxe5 Qxd6 17. Nc6 Bb7 18. Qa4 Bxc6 19. Qxc6 Qxc6 20. dxc6
Rfc8 21. Be3 Rxc6 22. Rac1 Bxb2 23. Rxc5 Rxc5 24. Bxc5 a6 25. Rb1 Rc8 26. Be3
Rc2 27. a4 f5 28. Rd1 Rc4 29. a5 Ra4 30. Bb6 Ra1 31. Rxa1 Bxa1 32. Kf1 Kf7 33.
Ke2 Ke6 34. Kd3 Kd5 35. g4 fxg4 36. hxg4 h5 37. gxh5 gxh5 38. Bd8 Be5 39. Ke3
Bd4+ 40. Kf3 Be5 {Ke4+} 1/2-1/2

[Event "Chess House GM "]
[Site "Aarhus"]
[Date "2016.02.16"]
[Round "4.2"]
[White "Chatalbashev, Boris"]
[Black "Pedersen, Nicolai Vesterbaek"]
[Result "1-0"]
[WhiteElo "2563"]
[BlackElo "2378"]
[PlyCount "43"]
[EventDate "2016.??.??"]
[EventType "tourn"]
[EventRounds "9"]
[EventCountry "DEN"]
[WhiteClock "0:36:05"]
[BlackClock "0:06:03"]

1. c4 Nf6 2. Nc3 e6 3. e4 d5 4. cxd5 exd5 5. e5 Ne4 6. d4 Bb4 7. Qa4+ Nc6 8.
Bb5 Bd7 9. Nge2 a6 10. Bxc6 Bxc3+ 11. bxc3 Bxc6 12. Qc2 Bb5 13. O-O O-O 14. Re1
Rc8 15. Nf4 c5 16. a4 Bc4 17. f3 Qh4 18. g3 Nxg3 19. Ng2 Qh5 20. hxg3 Qxf3 21.
Qf2 Qxc3 22. Bb2 1-0

[Event "Chess House GM "]
[Site "Aarhus"]
[Date "2016.02.16"]
[Round "4.3"]
[White "Teplyi, Igor"]
[Black "Ochsner, Bjorn Moller"]
[Result "1/2-1/2"]
[WhiteElo "2433"]
[BlackElo "2396"]
[PlyCount "86"]
[EventDate "2016.??.??"]
[EventType "tourn"]
[EventRounds "9"]
[EventCountry "DEN"]
[WhiteClock "0:21:50"]
[BlackClock "0:30:59"]

1. d4 Nf6 2. c4 g6 3. Nc3 Bg7 4. e4 d6 5. h3 O-O 6. Bg5 c5 7. d5 e6 8. Bd3 exd5
9. exd5 Nbd7 10. Nf3 Re8+ 11. Kf1 Ne5 12. Nxe5 Rxe5 13. Bf4 Re8 14. g4 Nd7 15.
Bxd6 Bxc3 16. bxc3 b5 17. Be2 bxc4 18. Bf3 Qf6 19. Bc7 Bb7 20. Kg2 Ne5 21. Bxe5
Qxe5 22. Rb1 Rab8 23. Re1 Qxe1 24. Qxe1 Rxe1 25. Rxe1 Rd8 26. Kg3 g5 27. Rd1
Rd6 28. Be4 Kg7 29. Rb1 Ba8 30. Rd1 h6 31. h4 f6 32. f4 Kf7 33. fxg5 fxg5 34.
hxg5 hxg5 35. Rf1+ Rf6 36. Rf5 Rxf5 37. gxf5 Kf6 38. Bf3 Bb7 39. d6 Bc8 40. Be4
Bd7 41. Kg4 Bc8 42. Bc2 Bd7 43. Be4 Ke5 1/2-1/2

[Event "Chess House GM "]
[Site "Aarhus"]
[Date "2016.02.16"]
[Round "4.4"]
[White "Grabarczyk, Miroslaw"]
[Black "Kollars, Dmitrij"]
[Result "1/2-1/2"]
[WhiteElo "2432"]
[BlackElo "2429"]
[PlyCount "78"]
[EventDate "2016.??.??"]
[EventType "tourn"]
[EventRounds "9"]
[EventCountry "DEN"]
[WhiteClock "0:16:17"]
[BlackClock "0:15:12"]

1. d4 d5 2. c4 c6 3. cxd5 cxd5 4. Nc3 Nc6 5. Nf3 Nf6 6. Bf4 Bf5 7. e3 e6 8. Ne5
Nd7 9. Nxd7 Qxd7 10. Bb5 a6 11. Bxc6 Qxc6 12. Rc1 Be7 13. O-O O-O 14. Qd2 Rfc8
15. Ne4 Qb6 16. Nc5 Bxc5 17. dxc5 Rxc5 18. Rxc5 Qxc5 19. Rc1 Qb6 20. Rc7 f6 21.
Bg3 Rd8 22. Qd4 Qxd4 23. exd4 b5 24. Kf1 a5 25. Ke2 Bb1 26. a3 Re8 27. Rb7 Ba2
28. Rb8 Kf7 29. Rxe8 Kxe8 30. Bc7 a4 31. f4 h5 32. g3 Bb1 33. Bd6 Kf7 34. Kf3
Kg6 35. Bf8 Be4+ 36. Kf2 Kf7 37. Bb4 Kg6 38. Bf8 Kf7 39. Bb4 Kg6 1/2-1/2

[Event "Chess House GM "]
[Site "Aarhus"]
[Date "2016.02.16"]
[Round "4.5"]
[White "Fries Nielsen, Jens Ove"]
[Black "Ovsejevitsch, Sergei"]
[Result "0-1"]
[WhiteElo "2415"]
[BlackElo "2584"]
[PlyCount "60"]
[EventDate "2016.??.??"]
[EventType "tourn"]
[EventRounds "9"]
[EventCountry "DEN"]
[WhiteClock "0:02:17"]
[BlackClock "0:08:47"]

1. d4 Nf6 2. Nc3 d5 3. Bf4 e6 4. e3 Be7 5. g4 a6 6. g5 Nfd7 7. Nf3 b5 8. a4 b4
9. Ne2 c5 10. Ng3 Nc6 11. h4 Bb7 12. Bh3 Qb6 13. O-O h6 14. g6 f5 15. c4 Nf6
16. dxc5 Bxc5 17. cxd5 Nxd5 18. Nxf5 Nxf4 19. exf4 exf5 20. Qd5 Rf8 21. Rad1
Rd8 22. Qe6+ Ne7 23. Qxb6 Bxb6 24. Ne5 Rd4 25. Bg2 Bxg2 26. Kxg2 Rf6 27. h5
Rfd6 28. Rde1 Rxf4 29. b3 Rd2 30. Nc6 Re4 0-1

[Event "Chess House GM "]
[Site "Aarhus"]
[Date "2016.02.17"]
[Round "5.1"]
[White "Skytte, Rasmus"]
[Black "Fries Nielsen, Jens Ove"]
[Result "1-0"]
[WhiteElo "2402"]
[BlackElo "2415"]
[PlyCount "115"]
[EventDate "2016.??.??"]
[EventType "tourn"]
[EventRounds "9"]
[EventCountry "DEN"]
[WhiteClock "0:07:01"]
[BlackClock "0:21:18"]

1. e4 g6 2. d4 Bg7 3. Nf3 d6 4. c4 Nd7 5. Nc3 e5 6. Bg5 Ne7 7. dxe5 dxe5 8. c5
h6 9. Bc4 O-O 10. Bh4 Kh7 11. O-O f6 12. b4 a5 13. a3 axb4 14. axb4 Rxa1 15.
Qxa1 g5 16. Bg3 f5 17. exf5 e4 18. Nd2 Nf6 19. Qe1 Nxf5 20. Ndxe4 Qd4 21. Qe2
Nxe4 22. Nxe4 Nxg3 23. Nxg3 Rd8 24. Nh5 Qe5 25. Nxg7 Qxe2 26. Bxe2 Kxg7 27. h3
Rd2 28. Bf3 Rb2 29. Re1 Kf6 30. Re8 Bd7 31. Rf8+ Ke7 32. Rh8 Rxb4 33. Rh7+ Kd8
34. Rxh6 Rc4 35. Rh8+ Ke7 36. Rh7+ Kd8 37. Rh8+ Ke7 38. Rh7+ Kd8 39. Bxb7 Rxc5
40. Be4 Re5 41. f3 c5 42. Kf2 Kc7 43. Ke3 Kd6 44. g4 Bb5 45. h4 gxh4 46. Rxh4
Re8 47. Rh6+ Ke7 48. f4 Bd7 49. f5 Rb8 50. g5 c4 51. Kd4 Rc8 52. Rh7+ Kd6 53.
Rh6+ Ke7 54. Rh7+ Kd6 55. g6 c3 56. g7 Rg8 57. Rh6+ Ke7 58. Bd5 1-0

[Event "Chess House GM "]
[Site "Aarhus"]
[Date "2016.02.17"]
[Round "5.2"]
[White "Kollars, Dmitrij"]
[Black "Chatalbashev, Boris"]
[Result "1/2-1/2"]
[WhiteElo "2429"]
[BlackElo "2563"]
[PlyCount "52"]
[EventDate "2016.??.??"]
[EventType "tourn"]
[EventRounds "9"]
[EventCountry "DEN"]
[WhiteClock "0:23:58"]
[BlackClock "0:23:24"]

1. e4 g6 2. d4 Bg7 3. Nc3 c6 4. f4 d5 5. e5 Nh6 6. Nf3 f6 7. Be2 Bg4 8. O-O O-O
9. Be3 e6 10. h3 Bxf3 11. Bxf3 Nf5 12. Bf2 c5 13. exf6 Qxf6 14. dxc5 Nc6 15.
Ne2 Qxb2 16. Rb1 Qxa2 17. Rxb7 Rab8 18. Rc7 Rbc8 19. Rxc8 Rxc8 20. Qd3 Qc4 21.
Qxc4 dxc4 22. Rd1 Nfe7 23. Bg4 Nf5 24. Bf3 Nfe7 25. Bg4 Nf5 26. Bf3 Nfe7
1/2-1/2

[Event "Chess House GM "]
[Site "Aarhus"]
[Date "2016.02.17"]
[Round "5.3"]
[White "Pedersen, Nicolai Vesterbaek"]
[Black "Matthiesen, Martin"]
[Result "0-1"]
[WhiteElo "2378"]
[BlackElo "2370"]
[PlyCount "76"]
[EventDate "2016.??.??"]
[EventType "tourn"]
[EventRounds "9"]
[EventCountry "DEN"]
[WhiteClock "0:01:51"]
[BlackClock "0:02:50"]

1. e4 e5 2. Nf3 Nc6 3. Nc3 Nf6 4. Bb5 Bb4 5. O-O O-O 6. d3 d6 7. Bg5 Ne7 8.
Bxf6 gxf6 9. Nh4 c6 10. Bc4 Ng6 11. Qh5 Nf4 12. Qf3 Kh8 13. Ne2 Nxe2+ 14. Qxe2
d5 15. Bb3 Rg8 16. Kh1 Be6 17. h3 Bd6 18. Qf3 Bf8 19. c3 a5 20. exd5 cxd5 21.
c4 d4 22. c5 Bxc5 23. Qxb7 Rb8 24. Qc6 Qd6 25. Qf3 Qe7 26. Nf5 Qd7 27. Rac1
Rxb3 28. Rxc5 Rxb2 29. Ng3 Qd8 30. Rfc1 Rxa2 31. Nh5 a4 32. Nxf6 Rg6 33. Nd5
Qh4 34. R1c2 Rxc2 35. Rxc2 Qg5 36. Rc7 Kg7 37. Ra7 Qc1+ 38. Kh2 Qc5 0-1

[Event "Chess House GM "]
[Site "Aarhus"]
[Date "2016.02.17"]
[Round "5.4"]
[White "Ovsejevitsch, Sergei"]
[Black "Teplyi, Igor"]
[Result "1-0"]
[WhiteElo "2584"]
[BlackElo "2433"]
[PlyCount "59"]
[EventDate "2016.??.??"]
[EventType "tourn"]
[EventRounds "9"]
[EventCountry "DEN"]
[WhiteClock "0:09:12"]
[BlackClock "0:09:48"]

1. c4 c5 2. Nf3 Nc6 3. d4 cxd4 4. Nxd4 Nf6 5. Nc3 e5 6. Nc2 Bc5 7. g3 Qb6 8. e3
d6 9. Bg2 Be6 10. b3 O-O 11. O-O Rfd8 12. h3 a5 13. Na3 Nb4 14. Na4 Qc7 15. Nb5
Qc8 16. a3 Na6 17. g4 d5 18. Qf3 e4 19. Qe2 dxc4 20. Bb2 Qc6 21. Bxf6 gxf6 22.
bxc4 Bf8 23. Rfc1 f5 24. c5 Bg7 25. Rab1 fxg4 26. hxg4 Qd5 27. Nbc3 Qg5 28.
Nxe4 Qg6 29. g5 Bf5 30. Rb6 1-0